Let’s MISBEHAVE: la naciente cultura de clase media. Modernización y cultura de masas en Chile 1919-1931.

Salvato in:
Dettagli Bibliografici
Autore principale: Osorio Estay, Alejandro Isaac (autor)
Natura: Libro
Pubblicazione: Valparaíso, Chile: Ediciones Universitarias de Valparaíso, 2019.
Serie:Colecciones EUV Historia
Soggetti:
Tags: Aggiungi Tag
Nessun Tag, puoi essere il primo ad aggiungerne!!

MARC

LEADER 00000nam a22000007a 4500
003 CL-VaPUC
005 20241010131406.0
008 201215t2019 ||||| |||| 00| 0 eng d
999 |c 432345  |d 432343 
020 |a 978-956-17-0847-1 
040 |c Pontificia Universidad Católica de Valparaíso 
082 |a 305.550983 OSO 2019  |2 21 
100 |a Osorio Estay, Alejandro Isaac  |9 853086  |e autor 
245 |a Let’s MISBEHAVE: la naciente cultura de clase media. Modernización y cultura de masas en Chile 1919-1931. 
260 0 3 |a Valparaíso, Chile:  |b Ediciones Universitarias de Valparaíso,  |c 2019. 
300 |a 156 páginas. 
490 |a Colecciones EUV Historia 
500 |a c. Donación Rectoría 10-10-24. 
583 |c 20201215  |k Daniel Castañeda 
650 0 |a Consumismo  |9 858682 
650 0 0 |a Desarrollo social  |9 264534 
650 0 |a Sociología del desarrollo  |9 413573 
650 0 0 |a Clases sociales  |9 256858 
650 0 0 |a Cultura de masas  |9 334655 
942 |2 ddc  |c BK 
952 |0 0  |1 0  |2 ddc  |4 0  |6 305_550983000000000_OSO_2019  |7 0  |8 A  |9 577238  |a BIBHIS  |b BIBHIS  |d 2020-12-18  |i 561984K  |l 1  |o 305.550983 OSO 2019  |p 561984K  |r 2025-01-20  |s 2022-08-01  |t 1  |w 2020-12-18  |y BK  |k HIS 
952 |0 0  |1 0  |2 ddc  |4 0  |6 305_550983000000000_OSO_2019  |7 0  |8 A  |9 577239  |a BIBHIS  |b BIBHIS  |d 2020-12-18  |i 5619858  |o 305.550983 OSO 2019  |p 5619858  |r 2025-01-20  |t 2  |w 2020-12-18  |y BK  |k HIS 
952 |0 0  |1 0  |2 ddc  |4 0  |6 305_550983000000000_OSO_2019  |7 0  |8 A  |9 597299  |a BIBHIS  |b BIBHIS  |d 2024-10-10  |e Donación  |i 5663012  |o 305.550983 OSO 2019  |p 5663012  |r 2025-01-20  |t 3  |w 2024-10-10  |y BK  |k HIS